Catálogo
 En Linea

Sociedad pro-arte presenta a Gonzálo Zoriano : pianista. (Registro nro. 31364)

Detalles MARC
000 -CABECERA
campo de control de longitud fija 00463nam a2200133 a 4500
001 - NÚMERO DE CONTROL
campo de control 000031872
005 - FECHA Y HORA DE LA ÚLTIMA TRANSACCIÓN
campo de control 20200930063239.0
008 - DATOS DE LONGITUD FIJA--INFORMACIÓN GENERAL
campo de control de longitud fija 110707s19uu dr 000 0 spa d
040 ## - FUENTE DE LA CATALOGACIÓN
Centro catalogador/agencia de origen DO-SdBNP
Lengua de catalogación spa
Centro/agencia transcriptor BNPHU
049 ## - FONDOS LOCALES (OCLC)
Fondos de biblioteca BNPD
245 00 - MENCIÓN DE TÍTULO
Título Sociedad pro-arte presenta a Gonzálo Zoriano : pianista.
260 ## - PUBLICACIÓN, DISTRIBUCIÓN, ETC.
Lugar de publicación, distribución, etc. Santiago de los caballeros, República: Dominicana :
Nombre del editor, distribuidor, etc. Dirección General de Bellas Artes,
Fecha de publicación, distribución, etc. [19--?].
300 ## - DESCRIPCIÓN FÍSICA
Extensión 1v. con varias paginaciones : ;
Dimensiones 22 cm.
Existencias
Estado de retiro Estado de pérdida No para préstamo Código de colección Localización permanente Ubicación/localización actual Ubicación en estantería Fecha de adquisición Número de inventario Total de préstamos Signatura topográfica completa Código de barras Fecha visto por última vez Precio válido a partir de Tipo de ítem Koha Número de copia
    Excluido de préstamo Patrimonio Dominicano Patrimonio Dominicano Patrimonio Dominicano En catalogación 07.07.2011 LF1   31872-10 25.06.2020 25.06.2020 Libro y Folleto Colección Patrimonio Dominicano  
    Excluido de préstamo Patrimonio Dominicano Patrimonio Dominicano Patrimonio Dominicano En catalogación 07.07.2011 LF1   31872-20 25.06.2020 25.06.2020 Libro y Folleto Colección Patrimonio Dominicano e. 2

Con tecnología Koha